UFC: Name the Fighter by their Fighting Name - Statistics

General Stats
  • This quiz has been taken 368 times
  • The average score is 50 of 100
Answer Stats
Status Weight Class Fighting Name Answer % Correct
Former Flyweight Mighty Mouse Demetrious Johnson
96%
Active Bantamweight Sugar Sean O'Malley
92%
Active Lightweight The Notorious Conor McGregor
91%
Active Featherweight Blessed Max Holloway
90%
Active Welterweight The Nigerian Nightmare Kamaru Usman
89%
Active Lightweight El Cucuy Tony Ferguson
88%
Active Lightweight Cowboy Donald Cerrone
86%
Active Lightweight The Diamond Dustin Poirier
86%
Active Middleweight The Last Stylebender Israel Adesanya
86%
Active Light Heavyweight Bones Jon Jones
86%
Retired Lightweight The Eagle Khabib Nurmagomedov
86%
Active Lightweight Do Bronx Charles Oliveira
85%
Active Featherweight The Great Alexander Volkanovski
83%
Retired Middleweight The Spider Anderson Silva
83%
Active Flyweight The Assassin Baby Brandon Moreno
83%
Active Welterweight Wonderboy Stephen Thompson
82%
Active Bantamweight Funk Master Aljamain Sterling
81%
Active Bantamweight No Love Cody Garbrandt
79%
Retired Welterweight Rush Georges St-Pierre
79%
Active Welterweight Rocky Leon Edwards
78%
Active Lightweight The Highlight Justin Gaethje
77%
Active Welterweight Gamebred Jorge Masvidal
76%
Former Light Heavyweight Rampage Quinton Jackson
76%
Active Featherweight T-City Brian Ortega
74%
Active Light Heavyweight Shogun Maurício Rua
74%
Active Middleweight The Reaper Robert Whittaker
72%
Active Lightweight Showtime Anthony Pettis
71%
Active Featherweight The Korean Zombie Chan Sung Jung
71%
Former Middleweight Soldier of God Yoel Romero
71%
Retired Light Heavyweight The Iceman Chuck Liddell
70%
Active Welterweight Chaos Colby Covington
70%
Active Heavyweight The Black Beast Derrick Lewis
70%
Active Bantamweight No Mercy Petr Yan
70%
Active Heavyweight The Predator Francis Ngannou
68%
Former Light Heavyweight Rumble Anthony Johnson
67%
Active Bantamweight The Dominator Dominick Cruz
64%
Active Welterweight Ruthless Robbie Lawler
63%
Active Lightweight The Hangman Dan Hooker
62%
Active Welterweight Durinho Gilbert Burns
60%
Active Flyweight God of War Deiveson Figueiredo
59%
Retired Light Heavyweight The Axe Murderer Wanderlei Silva
59%
Retired Middleweight The Count Michael Bisping
58%
Active Middleweight The Killa Gorilla Jared Cannonier
57%
Retired Bantamweight The California Kid Urijah Faber
56%
Retired Women's Bantamweight Rowdy Ronda Rousey
54%
Active Women's Bantamweight The Lioness Amanda Nunes
53%
Active Light Heavyweight Lionheart Anthony Smith
53%
Active Heavyweight Bon Gamin Ciryl Gane
53%
Active Featherweight Pantera Yair Rodriguez
53%
Former Light Heavyweight The Dragon Lyoto Machida
48%
Active Women's Strawweight Thug Rose Namajunas
47%
Retired Heavyweight The Super Samoan Mark Hunt
46%
Active Women's Flyweight Bullet Valentina Shevchenko
45%
Active Middleweight The Eraser Paulo Costa
43%
Active Middleweight Jacare Ronaldo Souza
43%
Active Welterweight The Chosen One Tyron Woodley
43%
Former Lightweight The Underground King Eddie Alvarez
42%
Active Middleweight The All-American Chris Weidman
40%
Active Women's Bantamweight The Preacher's Daughter Holly Holm
38%
Active Heavyweight Bigi Boy Jairzinho Rozenstruik
38%
Active Heavyweight Drago Alexander Volkov
37%
Former Heavyweight Big Country Roy Nelson
37%
Former Heavyweight Big Foot Antônio Silva
36%
Retired Welterweight Funky Ben Askren
36%
Active Heavyweight Razor Curtis Blaydes
36%
Former Light Heavyweight The Huntington Beach Bad Boy Tito Ortiz
36%
Active Welterweight The Natural Born Killer Carlos Condit
35%
Retired Bantamweight The Messenger Henry Cejudo
34%
Active Middleweight The Gorilla Darren Till
33%
Retired Heavyweight Cro Cop Mirko Filipović
33%
Active Lightweight The Irish Dragon Paul Felder
32%
Retired Light Heavyweight The Natural Randy Couture
32%
Retired Light Heavyweight Suga Rashad Evans
30%
Active Lightweight The Motown Phenom Kevin Lee
29%
Active Heavyweight The Mauler Alexander Gustafsson
28%
Active Women's Strawweight Cookie Monster Carla Esparza
28%
Active Women's Strawweight The Karate Hottie Michelle Waterson
27%
Active Middleweight The Joker Jack Hermansson
26%
Former Light Heavyweight The Phenom Vitor Belfort
26%
Active Women's Strawweight Magnum Zhang Weili
26%
Former Heavyweight Cigano Junior Dos Santos
25%
Active Women's Strawweight The Boogiewoman Joanna Jędrzejczyk
24%
Active Welterweight The Immortal Matt Brown
24%
Active Light Heavyweight Marreta Thiago Santos
23%
Active Welterweight The Silent Assassin Vicente Luque
23%
Active Light Heavyweight The Devastator Dominick Reyes
22%
Retired Welterweight Big Rig Johny Hendricks
22%
Active Featherweight Money Chad Mendes
21%
Former Heavyweight The Demolition Man Alistair Overeem
20%
Active Heavyweight The Pitbull Andrei Arlovski
20%
Former Women's Featherweight Cyborg Cristiane Justino
20%
Active Light Heavyweight No Time Volkan Oezdemir
17%
Active Heavyweight The Boa Constrictor Alexey Oleinik
16%
Active Women's Strawweight Overkill Angela Hill
15%
Retired Welterweight The Outlaw Dan Hardy
15%
Former Women's Flyweight 12 Gauge Paige Van Zant
14%
Active Women's Flyweight The Future Maycee Barber
10%
Former Women's Bantamweight Alpha Cat Zingano
7%
Active Women's Flyweight The Queen of Violence Ariane Lipski
5%
Active Women's Flyweight La Pantera Antonina Shevchenko
4%
No matching quizzes found
Score Distribution
Percent of People with Each Score
Percentile by Number Answered
Your Score History
You have not taken this quiz